| 000 | 01483nam0a22003131 4500 | ||
|---|---|---|---|
| 001 | rc\3706452 | ||
| 005 | 20260405072058.0 | ||
| 021 |
_aRU _b[71-64010] |
||
| 035 | _a(NLR Aleph) 007856173 | ||
| 090 |
_a7790665 _c7790665 |
||
| 100 | _a20130115d1971 |||y0rusy50 ca | ||
| 101 | 0 | _arus | |
| 102 | _aRU | ||
| 105 | _aa j |||h| | ||
| 200 | 1 |
_aРазвитие речи _eУчебник для 3 кл. школ глухих |
|
| 205 | _a4-е изд. | ||
| 210 |
_aМосква _cПросвещение _d1971 |
||
| 215 |
_a331 с., 8 л. ил. _cил. _d22 |
||
| 300 | _aНа пер. авт. не указан | ||
| 311 | _aПрил.: Дидактический материал по развитию речи в 3 классе школ глухих | ||
| 421 | 0 |
_11010#$arus _12001#$aДидактический материал по развитию речи в 3 классе школ глухих _1215##$a92 с.$cил. _tДидактический материал по развитию речи в 3 классе школ глухих |
|
| 606 |
_aРечь _xРазвитие у глухих детей _2psbo |
||
| 606 |
_aРусский язык _jУчебники и пособия для глухих _2psbo |
||
| 700 | 1 |
_4220 _8rus _7ca _aКомаров _bК.В. _cсурдопедагог _gКонстантин Васильевич _3RU\NLR\auth\7724814 _97864 |
|
| 801 | 0 |
_aRU _bNLR _gpsbo |
|
| 801 | 1 |
_aRU _bELAR _2rusmarc |
|
| 852 |
_aNLR _j71-5/3759 |
||
| 942 | _cBOOK | ||
| 980 | _aNB | ||